History Chain Quiz #3 - Statistics

General Stats
  • This quiz has been taken 208 times
  • The average score is 7 of 15
Answer Stats
Clue Answer % Correct
Jewish state founded in 1948 Israel
92%
Pandemic that swept Eurasia Black Death
82%
Ally and lover of Julius Caesar Cleopatra
80%
The city the above was born in Alexandria
65%
Khmer temple built in Cambodia Angkor Wat
62%
Former name of Tokyo Edo
62%
Hailed as "El Libertador" Simon Bolivar
61%
King of Babylon known for his code Hammurabi
58%
Belgian ruler of the Congo Free State Leopold II
35%
Ancient Germanic ethnicity Teutons
29%
He thought, therefore he was Decartes
24%
Civilisation in Mesopotamia Sumer
23%
Boer republic of South Africa Orange Free State
22%
Treatise by Plato Republic
22%
First Duke of Normandy Rollo
11%
No matching quizzes found
Score Distribution
Percent of People with Each Score
Percentile by Number Answered
Your Score History
You have not taken this quiz